Úvahy o mechanizme hospodárskeho rastu.

Úvahy o potrebe hospodárskeho rastu a jeho mechanizme. Využitie teórií a metodológií v teórií hospodárskeho rastu. Charakteristika budovaného hospodárskeho mechanizmu v ČSFR. Základné vlastnosti rovnováhy hospodárskeho rastu. Prechod čs. ekonomiky na trhovú a jeho vplyv na hospodársky rast.

Saved in:
Bibliographic Details
Main Author: Laščiak, Adam
Format: Book Chapter
Language:Slovak
Subjects:
Tags: Add Tag
No Tags, Be the first to tag this record!

MARC

LEADER 00000naa a2200000 4500
001 r002190
005 20230116103219.3
041 0 |a slo 
044 |a SK 
245 1 0 |a Úvahy o mechanizme hospodárskeho rastu.  |c Adam Laščiak 
520 |a Úvahy o potrebe hospodárskeho rastu a jeho mechanizme. Využitie teórií a metodológií v teórií hospodárskeho rastu. Charakteristika budovaného hospodárskeho mechanizmu v ČSFR. Základné vlastnosti rovnováhy hospodárskeho rastu. Prechod čs. ekonomiky na trhovú a jeho vplyv na hospodársky rast. 
610 2 0 |a rast hospodársky 
610 2 0 |a mechanizmus hospodársky 
610 2 0 |a ČSFR 
610 2 0 |a hospodárstvo trhové 
610 2 0 |a rovnováha rastu hospodárskeho 
100 1 |a Laščiak, Adam